| 000 | 01138cam a2200289 i 4500 | ||
|---|---|---|---|
| 999 |
_c34405 _d34405 |
||
| 001 | 34405 | ||
| 003 | Mx-PuUPA | ||
| 005 | 20240410103754.0 | ||
| 008 | 140415s1963 mx a r 000 0 spa d | ||
| 040 |
_aMX-PuUPA _bspa _erda _cMx-PuUPA _dMx-PuUPA |
||
| 041 | 1 |
_aspa _heng |
|
| 100 | 1 |
_aCarter, W. Harrison, _d1905-1974 _q(William Harrison), _eautor _96932 |
|
| 240 | 1 | 0 |
_aIntermediate economic analysis. _lEspañol |
| 245 | 1 | 0 |
_aAnálisis económico intermedio / _cW. Harrison Carter, William P. Snavely ; traducción, Aurelio Reyes Gil. |
| 250 | _aPrimera edición | ||
| 264 | 1 |
_aMéxico, D.F. : _bCompañia Editorial Continental, _c1963 |
|
| 300 |
_a533 páginas : _bgráficos ; _c23 cm. |
||
| 336 |
_atexto _2rdacontent _btxt |
||
| 337 |
_asin medio _2rdamedia _bn |
||
| 338 |
_avolumen _2rdacarrier _bnc |
||
| 650 | 4 |
_aCompetencia económica _xEconomía _xTeorias |
|
| 700 | 1 |
_aSnavely, William P., _eautor |
|
| 700 | 1 |
_aReyes Gil, Aurelio, _etraductor |
|
| 765 | 0 | 8 |
_aCarter, W. Harrison, 1905-1974, (William Harrison), _tIntermediate economic analysis. |
| 942 |
_2ddc _cLI _h330.1 _iC257 |
||